000
00304nam a22001457a 4500
008
210607b ||||| |||| 00| 0 eng d
020
_a
0870063960
041
_a
eng
080
_a
621
082
_a
621
100
_a
26
101
_a
MEK
245
_a
Metalworking
_c
T. Gardner Boyd
942
_2
udc
_c
BK
999
_c
58016
_d
58016